| 000 | 00591nam a2200205Ia 4500 | ||
|---|---|---|---|
| 001 | 8384 | ||
| 003 | GE_BSU | ||
| 008 | 181216s||||||||xx |||||||||||||| ||und|| | ||
| 040 | _cGE_BSU | ||
| 100 | _aელიოზიშვილი,მერაბ | ||
| 245 | _aწრებრუნვა | ||
| 245 | _bმოთხრობები | ||
| 245 | _cრედ. ლამარა თურმანიძე | ||
| 260 | _aთბილისი | ||
| 260 | _bმერანი | ||
| 260 | _c1991 | ||
| 300 | _a512გვ.21სმ. | ||
| 653 | _aწრებრუნვა | ||
| 942 | _cBK | ||
| 999 |
_c41707 _d41707 |
||